000 01238nam a2200313 i 4500
003 EG-GICUC
005 20260221195513.0
008 260221s1983 ua ||||fr ||| 00| 0 ara d
040 _aEG-GICUC
_cEG-GICUC
_dEG-GICUC
_erda
_bara
041 0 _aara
082 0 4 _221
_a341.762
_bص ل . م
092 0 4 _221
099 _aLaw1 11 341.762 ص ل . م 1983
100 0 _aصلاح الدين عامر
_eمؤلف.
245 1 2 _aمقدمات القانون الدولي للبيئة /
_cصلاح الدين عامر .
264 0 _aمصر :
_bمطبعة جامعة القاهرة
_c1983 .
300 _a71 صفحة ؛
_c30 سم.
_bإيضاحيات، صور، مثيليات ؛
336 _atext
_2rda content
337 _aComputer
_2rda media
338 _aOnline Resource
_2rda carrier
504 _a. 240-220 ببليوجرافيا: صفحات.
546 _aالنص أغلبه باللغة العربية مع بعض النصوص الفرنسية
650 0 4 _aالقانون الدولي العام
_2qrmak
650 0 4 _aالموارد الطبيعية -- حماية -- قانون دولي
_2qrmak
651 1 _2qrmak
856 _uhttps://fll.law.cu.edu.eg/fulltext/th/B11-07668.pdf
905 _a59
942 _2ddc
_cBK
_e21
_n0
999 _c63952
_d63952